Choses que les garçons adorent - Statistiques

Statistiques générales
  • Ce quiz a été pris 16 fois
  • Le résultat moyen est 2 sur 15
Statistiques - réponses
Indice Réponse % Correct
🫂 Les câlins
57%
💆🏽‍♂️ Les papouilles / massages dans le dos
43%
🤣 Quand on les fait rire
21%
😘 Les bisoux
14%
💭 Les messages au réveil / le soir
7%
📱🎤 Les messages vocaux
7%
🗣👍🏽 Quand on les complimente
7%
💆🏽‍♂️ Quand on leur touche les cheveux
7%
👀 Le contact visuel 《eyes contact》
0%
💭 Les initiatives
0%
👐🏽 Les mains baladeuses
0%
🗣🥰 Les surnoms mignons
0%
💄 Quand les filles sentent bon / prennent soin d'elles
0%
💭 Quand les relancent la conversation
0%
😊 Quand on leur sourie
0%
Aucun quiz correspondant
Distribution des résultats
% des personnes avec chaque résultat
Percentile par nombre de réponses
Votre historique - résultats
Vous n’avez pas pris ce quiz